Statistics for Big Ten Colleges

Click here to take the quiz!

General Stats

  • This quiz has been taken 297 times
  • The average score is 10 of 12

Answer Stats

HintAnswer% Correct
WolverinesMichigan
95%
BuckeyesOhio State
92%
BadgersWisconsin
88%
Fighting IlliniIllinois
87%
HawkeyesIowa
87%
SpartansMichigan State
87%
HoosiersIndiana
86%
CornhuskersNebraska
85%
Golden GophersMinnesota
83%
Nittany LionsPenn State
83%
BoilermakersPurdue
83%
WildcatsNorthwestern
68%

Score Distribution

Percentile by Number Answered

Percent of People with Each Score

Your Score History

You have not taken this quiz